| 000 | 02056nam a22004573i 4500 | ||
|---|---|---|---|
| 001 | EBC3339174 | ||
| 003 | MiAaPQ | ||
| 005 | 20260223113203.0 | ||
| 007 | cr cnu|||||||| | ||
| 008 | 260217s2010 xx o ||||0 eng d | ||
| 020 |
_a9780262289528 _q(electronic bk.) |
||
| 020 | _z9780262014588 | ||
| 040 |
_aMiAaPQ _beng _cMiAaPQ |
||
| 100 | 1 |
_aJosephson, Paul R. _962970 |
|
| 245 | 1 | 0 |
_aLenin's Laureate : _bZhores Alferov's Life in Communist Science. |
| 250 | _a1st ed. | ||
| 264 | 1 |
_aCambridge : _bMIT Press, _c2010. |
|
| 264 | 4 | _c©2010. | |
| 300 | _a1 online resource (314 pages) | ||
| 336 |
_aText _btxt _2rdacontent |
||
| 337 |
_aComputermedien _bc _2rdamedia |
||
| 338 |
_aOnline Resource _bcr _2rdacarrier |
||
| 490 | 0 | _aTransformations: Studies in the History of Science and Technology Series | |
| 500 | _aE-Book-ProQuest / Fernzugriff nach Registrierung möglich | ||
| 505 | 0 | _aIntro -- Contents -- Introduction -- 1 Childhood -- 2 Heroes and Hero Projects -- 3 Research and Reforms -- 4 From Transistors to Heterojunctions -- 5 Perestroika and Politics -- 6 Scholar, Laureate, and Statesman -- Afterword and Acknowledgments -- Notes -- Index. | |
| 520 | _aThe life and work of a leading Soviet physicist and an exploration of the strengths and weaknesses of Soviet science from Stalin through Gorbachev. | ||
| 600 |
_aAlfërov, Žores Ivanovič <1930-2019> _968562 |
||
| 650 | _aNaturwissenschaften | ||
| 651 | _aSowjetunion | ||
| 653 | _aScience and state-Russia (Federation)-History. | ||
| 653 | _aPhysics-Russia (Federation)-History. | ||
| 653 | _aPhysicists-Russia (Federation)-Biography. | ||
| 653 | _aAlferov, Zh. I. | ||
| 655 |
_aFernzugriff _9230 |
||
| 655 | 4 | _aElectronic books. | |
| 776 | 0 | 8 |
_iPrint version: _aJosephson, Paul R. _tLenin's Laureate _dCambridge : MIT Press,c2010 _z9780262014588 |
| 856 | 4 | 0 |
_uhttps://ebookcentral.proquest.com/lib/maxweberstiftung-ebooks/detail.action?docID=3339174 _zVolltext |
| 942 |
_cEB _2z |
||
| 999 |
_c73742 _d73742 |
||